Hamilton Lyrics Sort #43 - Your Obedient Servant - Statistics

General Stats
  • This quiz has been taken 23 times
  • The average score is 27 of 53
Answer Stats
Hint Answer % Correct
Line 2 An arrogant immigrant, orphan
93%
Line 1 How does Hamilton
93%
Line 3 Bastard, whore son
86%
Line 4 Somehow endorse Thomas Jefferson, his enemy
79%
Line 5 A man he's despised since the beginning
71%
Line 7 I wanna be in the room where it happens
71%
Line 6 Just to keep me from winning?
71%
Line 16 And in every place I checked
64%
Line 14 As I reckon with the effects of your life on mine
64%
Line 13 But I toe the line
64%
Line 11 Dear Alexander
64%
Line 12 I am slow to anger
64%
Line 15 I look back on where I've failed
64%
Line 17 The only common thread has been your disrespect
64%
Line 19 A dangerous disgrace
57%
Line 10 For the last time
57%
Line 20 If you've got something to say
57%
Line 21 Name a time and place, face to face
57%
Line 18 Now you call me immoral
57%
Line 8 The room where it happens, the room where it happens
57%
Line 9 You've kept me from the room where it happens
57%
Line 25 I am not the reason no one trusts you
50%
Line 24 Mr. Vice President
50%
Line 23 A dot Burr [1]
43%
Line 38 A dot Ham [1]
43%
Line 43 Burr, your grievance is legitimate
43%
Line 36 But I won't apologize for doing what's right
43%
Line 29 Even if I said what you think I said
43%
Line 49 Guns, drawn
43%
Line 31 Here's an itemized list of 30 years of disagreements
43%
Line 33 Hey, I have not been shy
43%
Line 34 I am just a guy in the public eye
43%
Line 37 I have the honor to be your obedient servant [1]
43%
Line 51 I have the honor to be your obedient servant [2]
43%
Line 40 Intemperate indeedm good man
43%
Line 44 I stand by what I said, every bit of it
43%
Line 26 No one knows what you believe
43%
Line 42 Or prepare to bleed, good man
43%
Line 32 Sweet Jesus
43%
Line 47 Then stand, Alexander
43%
Line 35 Tryna do my best for our republic, I don't wanna fight
43%
Line 48 Weehawken, dawn
43%
Line 50 You're on
43%
Line 45 You stand only for yourself, it's what you do
43%
Line 30 You would need to cite a more specific grievance
43%
Line 53 A dot Burr [2]
36%
Line 52 A dot Ham [2]
36%
Line 41 Answer for the accusations I lay at your feet
36%
Line 39 Careful how you proceed, good man
36%
Line 46 I can't apologize because it's true
36%
Line 28 I have always worn it on my sleeve
36%
Line 22 I have to honor to be your obedient servant
29%
Line 27 I will not equivocate on my opinion
29%
No matching quizzes found
Score Distribution
Percent of People with Each Score
Percentile by Number Answered
Your Score History
You have not taken this quiz